<?xml version="1.0" encoding="UTF-8"?>
<collection xmlns="http://www.loc.gov/MARC21/slim">
 <record>
  <leader>01955nam a2200205Ia 4500</leader>
  <controlfield tag="001">CTU_132264</controlfield>
  <controlfield tag="008">210402s9999    xx            000 0 und d</controlfield>
  <datafield tag="020" ind1=" " ind2=" ">
   <subfield code="c">50000</subfield>
  </datafield>
  <datafield tag="082" ind1=" " ind2=" ">
   <subfield code="a">658.83</subfield>
  </datafield>
  <datafield tag="082" ind1=" " ind2=" ">
   <subfield code="b">Tr106</subfield>
  </datafield>
  <datafield tag="100" ind1=" " ind2=" ">
   <subfield code="a">Trần, Thị Ngọc Trang</subfield>
  </datafield>
  <datafield tag="245" ind1=" " ind2="0">
   <subfield code="a">Quản trị chiêu thị</subfield>
  </datafield>
  <datafield tag="245" ind1=" " ind2="0">
   <subfield code="c">Trần Thị Ngọc Trang</subfield>
  </datafield>
  <datafield tag="260" ind1=" " ind2=" ">
   <subfield code="a">Hà Nội</subfield>
  </datafield>
  <datafield tag="260" ind1=" " ind2=" ">
   <subfield code="b">Lao động - Xã hội</subfield>
  </datafield>
  <datafield tag="260" ind1=" " ind2=" ">
   <subfield code="c">2008</subfield>
  </datafield>
  <datafield tag="520" ind1=" " ind2=" ">
   <subfield code="a">Cuốn sách này có 4 mục tiêu, một là tạo điều kiện thuận lợi cho việc hiểu biết về vai trò của chiêu thị trong chiến lược tiếp thị chung, hai là nhận biết được các thành phần cơ bản của họât động quản trị chiêu thị, ba là chỉ rõ sự tác động qua lại giữa các yếu tố trong chương trình chiêu thị, và bốn là trình bày một cách thực tế để phân tích các quyết định chiêu thị quan trọng. Cuốn sách thích hợp cho các bạn sinh viên, các quản trị viên, doanh nhân, các nhà nghiên cứu và tất cả những ai quan tâm đến lĩnh vực tiếp thị và chiêu thị. Đặc biệt đối với các quản trị viên đang phụ trách chung về tiếp thị, chiêu thị hay hoạt động trong từng khâu như: quảng cáo, bán hàng, khuyến mãi và giao tế... hoặc các bạn sinh viên đang muốn dấn thân vào một nghề nghiệp năng động hứa hẹn nhiều thử thách nhưng hấp dẫn và sáng giá, thì sẽ thấy đây là một cuốn sách rất bổ ích và lí thú.</subfield>
  </datafield>
  <datafield tag="650" ind1=" " ind2=" ">
   <subfield code="a">Marketing,Tiếp thị,Promotion,Quảng cáo</subfield>
  </datafield>
  <datafield tag="904" ind1=" " ind2=" ">
   <subfield code="i">Quang Hiếu</subfield>
  </datafield>
  <datafield tag="980" ind1=" " ind2=" ">
   <subfield code="a">Trung tâm Học liệu Trường Đại học Cần Thơ</subfield>
  </datafield>
 </record>
</collection>
